书目信息 |
| 题名: |
常用汉字音形辨析手册
|
|
| 作者: | 颜星华 编 | |
| 分册: | ||
| 出版信息: | 福州 福建教育出版社 1981 |
|
| 页数: | 348页 | |
| 开本: | 19cm | |
| 丛书名: | ||
| 单 册: | ||
| 中图分类: | H122 | |
| 科图分类: | ||
| 主题词: | 汉字-字形--手册 , 字音-汉字--手册 , 字形-汉字--手册 , 汉字-字音--手册 | |
| 电子资源: | ||
| ISBN: | ||
| 000 | 00719nam0 2200265 45 | |
| 001 | 0181008870 | |
| 005 | 20070925103908.59 | |
| 010 | @dCNY1.03 | |
| 091 | @aCN@b7159.569 | |
| 100 | @a19950704d1981 em y0chiy0121 ea | |
| 101 | 0 | @achi |
| 102 | @aCN@b350000 | |
| 105 | @ay z 000yy | |
| 200 | 10 | @a常用汉字音形辨析手册@Achang yong han zi yin xing bian xi shou ce@f颜星华编 |
| 210 | @a福州@c福建教育出版社@d1981 | |
| 215 | @a348页@d19cm | |
| 606 | @a汉字-字形@x手册 | |
| 606 | @a字音-汉字@x手册 | |
| 606 | @a字形-汉字@x手册 | |
| 606 | @a汉字-字音@x手册 | |
| 690 | @aH122@v3 | |
| 701 | 0 | @a颜星华@Ayan xing hua@4编 |
| 801 | 0 | @aCN@bTSSF@c20070925 |
| 801 | 2 | @aCN@bNLC@c20070731 |
| 905 | @a10447@dH122@e148 | |
| 常用汉字音形辨析手册/颜星华编.-福州:福建教育出版社,1981 |
| 348页;19cm |
| ISBN :CNY1.03 |
| ● |
| 相关链接 |
|
|
|
|
正题名:常用汉字音形辨析手册
索取号:H122/148
 
预约/预借
| 序号 | 登录号 | 条形码 | 馆藏地/架位号 | 状态 | 备注 |
| 1 | 0609737 | 206097374 | 密集书库/ [索取号:H122/148] | 在馆 | |
| 2 | 0786344 | 207863445 | 第二样本阅览室/ [索取号:H122/148] | 在馆 |